Slová sa napĺňajú skutočnosťou Svetový pohár lyžiarov

Bibliographic Details
Main Author: Kubiš, Milan (Author)
Format: Article
Language:Slovak
Subjects:

MARC

LEADER 00000nab a2200000 a 4500
001 vtls000025742
003 SK-MaSNL
005 20260304173444.0
008 111103c1979 xo 0 slo
015 |a SNBRB19rr/mm-uuuuu 
035 |a CL0035836 
040 |a SNKBUCL  |b slo  |c SNKBUCL  |e AACR2 
041 0 |a slo 
044 |a xo  |c SK 
080 |a 796.9  |2 1981 
100 1 |a Kubiš, Milan  |4 aut  |9 272909 
245 1 0 |a Slová sa napĺňajú skutočnosťou  |b Svetový pohár lyžiarov  |c Milan Kubiš 
300 |b Obr. 1. 
650 0 7 |a lyžovanie  |2 snkbucl  |9 3256 
650 0 7 |a Svetový pohár  |2 snkbucl  |9 842306 
655 7 |a články z novín a časopisov  |2 snkbucl  |9 267496 
773 0 |t Šport  |g Roč. 31, č. 56 (7. 3. 1979), s. 4 
850 |a Slovenská národná knižnica v Martine  |a MTA001 
852 |a SNK  |b KIS3GCP 
958 |a RK 
992 |a RBX 
999 |c 3003448  |d 3005378